| 000 | 00425pab a2200157 454500 | ||
|---|---|---|---|
| 008 | 180718b2005 xxu||||| |||| 00| 0 eng d | ||
| 100 | _aNadarajah, Suthaharan | ||
| 245 | _aLiberation struggle or terrorism? The politics of naming the LTTE | ||
| 260 | _c2005 | ||
| 300 | _ap.87-100. | ||
| 650 | _aLTTE | ||
| 650 | _aTerrorism | ||
| 700 | _aSriskandarajah, Dhananjayan | ||
| 773 | _aThird World Quarterly | ||
| 909 | _a65303 | ||
| 999 |
_c65303 _d65303 |
||